Statistiques concernant Le théâtre de : Racine

Cliquez ici pour prendre le quiz!

Statistiques générales

  • Ce quiz a été pris 68 fois
  • Le résultat moyen est 6 sur 12

Statistiques - réponses

Année de parutionRéponse% Correct
1677Phèdre
92%
1670Bérénice
80%
1667Andromaque
72%
1669Britannicus
66%
1674Iphigénie
61%
1689Esther
46%
1691Athalie
44%
1672Bajazet
39%
1668Les Plaideurs
31%
1672Mithridate
28%
1665Alexandre le Grand
26%
1664La Thébaïde
26%

Distribution des résultats

Percentile par nombre de réponses

% des personnes avec chaque résultat

Votre développement - résultats

Vous n’avez pas pris ce quiz